La flor y el cristal: Ensayos sobre arte y arquitectura modernos

Uloženo v:
Podrobná bibliografie
Hlavní autor: Subirats, Eduardo (Autor)
Médium: Kniha
Jazyk:španělština
Vydáno: Barcelona Anthropos 1986
Edice:Pensamiento Crítico-Pensamiento Utópico, 18
Témata:
Tagy: Přidat tag
Žádné tagy, Buďte první, kdo vytvoří štítek k tomuto záznamu!

MARC

LEADER 00000nam a2200000 a 4500
001 UCR6119
003 CL-VaPUC
008 980420e19860000SP |||||||||||||||||spa|d
082 0 4 |a 701.1  |b SUB  |2 21 
100 0 |a Subirats, Eduardo  |e author  |9 407287 
245 1 3 |a La flor y el cristal: Ensayos sobre arte y arquitectura modernos 
300 |a 302 p 
942 |c BK 
945 |d 19980420 00:00:00  |a rbrito 
260 |a Barcelona  |b Anthropos  |c 1986 
650 0 |a Arte moderno  |9 265333 
650 0 |a Arquitectura moderna  |9 265021 
650 0 |a Arte   |y Siglo 20  |9 267709 
583 |a last modification  |c 20160912 11:38:21  |k Rodrigo Vera 
490 0 |a Pensamiento Crítico-Pensamiento Utópico, 18 
999 |c 268425  |d 268423 
952 |0 0  |1 0  |4 0  |6 701_100000000000000_SUB_1986  |7 0  |8 A  |9 301570  |a BIBART  |b BIBART  |d 2019-11-20  |i 3407381  |o 701.1 SUB 1986  |p 3407381  |r 2025-03-13  |w 2019-11-20  |y BK  |k ART